000 00753nam a2200205 i 4500
001 bg
245 7 0 _aBadania naukowe w hydrologicznej stacji badawczej w Stróży /
_c[red. nauk. Bolesław Osuch].
260 _aKraków :
_bPK,
_c1995.
300 _a105 s. :
_bfot.,rys., wykr. ;
_c24 cm.
490 1 _aSeria Inżynieria Sanitarna i Wodna / Politechnika Krakowska im. T. Kościuszki,
_x0860-097-X ;
_v188
504 _aBibliogr., streszcz., summ. przy art.
650 9 _aHydrologia
_xbadanie
700 1 _aOSUCH, Bolesław.
_eRed. nauk
830 0 _aSeria Inżynieria Sanitarna i Wodna (Politechnika Krakowska im. T. Kościuszki)
040 _cBPK
041 0 _apl
_ben
080 _a556
942 _cKS
008 s pl f |000 0 pol
999 _c30451
_d30451
856 _uhttp://koha.tu.koszalin.pl/cgi-bin/koha/opac-detail.pl?biblionumber=30451
_yKatalog online BPK